| 000 | 00334nam a2200121Ia 4500 | ||
|---|---|---|---|
| 008 | 230907s9999||||xx |||||||||||||| ||und|| | ||
| 082 |
_a621.902 _bKRA |
||
| 100 | _aKrar, Stephen F. | ||
| 245 | 0 | _aTechnology of machine tools / | |
| 260 |
_aMcGraw-Hill, _bNew York, NY : _c2011 |
||
| 300 | _ax, 925 p., [8] p. of plates : | ||
| 942 | _cBK | ||
| 999 |
_c601153 _d601153 |
||